|
|
|
|
| LEADER |
01006nam a22002297a 4500 |
| 001 |
40142 |
| 003 |
BD-DhAAL |
| 008 |
221205r19931984ii ||||| |||| 001 0 bend |
| 999 |
|
|
|c 45117
|d 45117
|
| 020 |
|
|
|a 0861315549
|
| 040 |
|
|
|a BD-DhAAL
|c BD-DhAAL
|
| 041 |
|
|
|a ben
|
| 082 |
|
|
|a 370.92
|
| 100 |
|
|
|a ঘোষ, বিনয়
|9 52712
|
| 245 |
|
|
|a বিদ্যাসাগর ও বাঙালী সমাজ /
|c বিনয় ঘোষ
|
| 260 |
|
|
|a কলকাতা :
|b ওরিয়েন্ট লংম্যান,
|c ১৯৮৪ [পুনর্মুদ্রণ ১৯৯৩].
|
| 300 |
|
|
|a ৫৯৮ পৃষ্ঠা ;
|c ২২ সে.মি.
|
| 541 |
|
|
|a Donated By Akbar Ali Khan
|e 40142
|
| 650 |
|
|
|a Educators
|z India
|x Biography.
|9 52714
|
| 852 |
|
|
|a Ayesha Abed Library
|c Akbar Ali Khan Collection
|
| 942 |
|
|
|2 ddc
|c BK
|
| 952 |
|
|
|0 0
|1 0
|2 ddc
|4 0
|6 370_920000000000000_GHO
|7 1
|9 72433
|a BRACUL
|b BRACUL
|c CS1
|d 2022-12-05
|e Donated by Akbar Ali Khan
|l 0
|o 370.92 GHO
|p 3010040142
|r 2022-12-05
|t 1
|w 2022-12-05
|y BK
|